000 00398nam a2200157Ia 4500
008 210716s2006 xx 000 0 und d
020 _a8182090482
041 _aeng
082 _a658.1511 MURA
100 _aMurthy A;Gurusamy S.
245 _aManagement accounting.
250 _a2
260 _aChennai
_bVijay Nicole Imprints Pvt Ltd
_c2006
300 _ax,CB114
650 _aCost Accounting
999 _c208578
_d208578